KOHA-Header-6

Computer Graphics Using Open GL (Record no. 7850)

000 -LEADER
fixed length control field 00264nam a2200109Ia 4500
100 ## - MAIN ENTRY--AUTHOR NAME
Personal name F. S. Hill
245 #0 - TITLE STATEMENT
Title Computer Graphics Using Open GL
260 ## - PUBLICATION, DISTRIBUTION, ETC. (IMPRINT)
Place of publication London
Name of publisher McGraw Hill
Year of publication 2000
300 ## - PHYSICAL DESCRIPTION
Number of Pages 922
942 ## - ADDED ENTRY ELEMENTS (KOHA)
Koha item type Books
Holdings
Withdrawn status Lost status Collection code Permanent Location Current Location Shelving location Date acquired Full call number Accession Number Koha item type
    Computer Science MAJU MAJU Shelf No.A19 2019-09-12 005.2 2081 Computer Science

Powered by Koha